000 00413nam a22001817a 4500
003 MPLRDC
005 20220104154359.0
008 210129b ||||| |||| 00| 0 eng d
020 _a962-17-1037-5
082 _a857.623 YG-28*
100 _a余过著
245 _a养鬼小子
_c
260 _a
_b明窗出版社
_c
300 _b
490 _a述异系列
650 _a
942 _cBK
_o857.623 YG-28*
999 _c53954
_d53944